Football Teams Kolo Touré Played For - Statistics

General Stats
  • This quiz has been taken 22 times
  • The average score is 4 of 5
Answer Stats
League Years Team % Correct
England 2009-2013 Manchester City
95%
Scotland 2016-2017 Celtic FC
89%
England 2002-2009 Arsenal FC
84%
England 2013-2016 Liverpool FC
74%
Ivory Coast 2000-2002 ASEC Mimosas
26%
No matching quizzes found
Score Distribution
Percent of People with Each Score
Percentile by Number Answered
Your Score History
You have not taken this quiz